[Event "Ivrea Eporediese op 29th"]
[Site "Ivrea"]
[Date "2012.03.22"]
[Round "9"]
[White "Agostino, Pietro"]
[Black "Castaldo, Antonio"]
[Result "1-0"]
[WhiteElo "1505"]
[BlackElo "1651"]
[PlyCount "69"]
[EventDate "2012.01.26"]
[EventType "swiss"]
[EventRounds "9"]
[EventCountry "ITA"]
[SourceTitle "EXT 2014"]
[Source "ChessBase"]
[SourceDate "2013.11.20"]
[SourceVersion "1"]
[SourceVersionDate "2013.11.20"]
[SourceQuality "1"]

1. e4 d6 2. Nf3 Nf6 3. c3 Nc6 4. d3 g6 5. Be3 Bg7 6. Be2 0-0 7. Nbd2 e5 8. Bg5 h6 9. Be3 Ng4 10. 0-0 Nxe3 11. fxe3 g5 12. d4 f5 13. exf5 Bxf5 14. e4 Bg4 15. h3 Bxf3 16. Nxf3 Qe7 17. Rc1 Qd7 18. Nh2 Rxf1+ 19. Nxf1 Rf8 20. Ng3 Ne7 21. Bh5 c6 22. Nf5 Nxf5 23. exf5 Qxf5 24. Qb3+ Kh8 25. Qxb7 exd4 26. Qxc6 dxc3 27. bxc3 Qf2+ 28. Kh1 Be5 29. Bf3 Qg3 30. Kg1 h5 31. Qe4 g4 32. hxg4 hxg4 33. Qxg4 Qh2+ 34. Kf2 Qf4 35. Rh1+ 1-0

[Event "Ivrea Eporediese op 28th"]
[Site "Ivrea"]
[Date "2011.02.17"]
[Round "4"]
[White "Agostino, Pietro"]
[Black "Renzini, Lorenzo"]
[Result "1-0"]
[WhiteElo "1507"]
[BlackElo "1747"]
[PlyCount "122"]
[EventDate "2011.01.27"]
[EventType "swiss"]
[EventRounds "9"]
[EventCountry "ITA"]
[SourceTitle "EXT 2012"]
[Source "ChessBase"]
[SourceDate "2011.11.24"]
[SourceVersion "1"]
[SourceVersionDate "2011.11.24"]
[SourceQuality "1"]

1. e4 c5 2. Nf3 d6 3. c3 d5 4. e5 e6 5. d4 c4 6. Be2 Ne7 7. Bg5 Nbc6 8. b3 cxb3 9. axb3 Qc7 10. Bd3 b6 11. Qc2 g6 12. Bf6 Rg8 13. Nbd2 Nf5 14. Bxf5 gxf5 15. 0-0 Nb4 16. Qc1 Nd3 17. Qd1 Nf4 18. g3 Be7 19. Bxe7 Kxe7 20. c4 Bb7 21. Kh1 Nh3 22. Kg2 Nf4+ 23. Kh1 Ng6 24. h4 a5 25. Kh2 Kf8 26. Qc1 Rc8 27. Ng5 Rg7 28. Qa3+ Kg8 29. Rfc1 Qc6 30. c5 h6 31. Ngf3 Qb5 32. cxb6 Qxb6 33. Rxc8+ Bxc8 34. Qxa5 Qc6 35. Qc5 Bb7 36. b4 f4 37. b5 fxg3+ 38. fxg3 Qe8 39. Nb3 Kh7 40. Na5 Ba8 41. Rb1 Rg8 42. Nc6 Bb7 43. Qc2 Kh8 44. Na5 Ba8 45. b6 Qf8 46. Qc3 Ne7 47. Kh3 Qg7 48. Rg1 Qg4+ 49. Kh2 Rc8 50. Qe3 Nf5 51. Qf4 Qxf4 52. gxf4 Ne3 53. b7 Bxb7 54. Nxb7 Rb8 55. Nd6 Rb2+ 56. Kh3 Rf2 57. Nxf7+ Kh7 58. Kg3 Rb2 59. h5 Kg7 60. Nd6 Kf8 61. Re1 Rb3 1-0

[Event "Ivrea Eporediese op 28th"]
[Site "Ivrea"]
[Date "2011.01.27"]
[Round "1"]
[White "Agostino, Pietro"]
[Black "Razzano, Lorenzo"]
[Result "0-1"]
[WhiteElo "1507"]
[BlackElo "1941"]
[PlyCount "32"]
[EventDate "2011.01.27"]
[EventType "swiss"]
[EventRounds "9"]
[EventCountry "ITA"]
[SourceTitle "EXT 2012"]
[Source "ChessBase"]
[SourceDate "2011.11.24"]
[SourceVersion "1"]
[SourceVersionDate "2011.11.24"]
[SourceQuality "1"]

1. e4 e5 2. Nf3 Nc6 3. Be2 Nf6 4. d3 Bc5 5. h3 Bb6 6. b3 Qe7 7. Bb2 d5 8. exd5 Nxd5 9. Bc1 Bd7 10. Bd2 0-0-0 11. Nc3 Nxc3 12. Bxc3 Qc5 13. Kd2 e4 14. d4 Be6 15. Ke1 Qxc3+ 16. Nd2 Rxd4 0-1

[Event "Ivrea Autumn 21st"]
[Site "Ivrea"]
[Date "2010.10.09"]
[Round "2"]
[White "Agostino, Pietro"]
[Black "Solinas, Giuseppe"]
[Result "1-0"]
[WhiteElo "1520"]
[BlackElo "1491"]
[PlyCount "89"]
[EventDate "2010.10.07"]
[EventType "swiss"]
[EventRounds "9"]
[EventCountry "ITA"]
[SourceTitle "EXT 2024"]
[Source "ChessBase"]
[SourceDate "2023.10.10"]
[SourceVersion "1"]
[SourceVersionDate "2023.10.10"]
[SourceQuality "1"]

1. e4 e5 2. Nf3 Nc6 3. Bb5 d6 4. h3 Bd7 5. a3 Nf6 6. d3 Be7 7. Be3 0-0 8. Nbd2 d5 9. Bxc6 Bxc6 10. Nxe5 d4 11. Nxc6 bxc6 12. Bg5 Nd7 13. Bf4 Bg5 14. Bxg5 Qxg5 15. 0-0 Qb5 16. Rb1 f5 17. exf5 Qxf5 18. Nf3 c5 19. c3 Qd5 20. cxd4 cxd4 21. b4 Kh8 22. Qb3 Qd6 23. Qc4 Rf4 24. Ng5 Qg6 25. Ne6 Rh4 26. Kh2 Ne5 27. Qd5 Ng4+ 28. Kh1 Re8 29. Qg5 Qxg5 30. Nxg5 Rf8 31. Rbe1 h6 32. Nf3 Rh5 33. Re4 Nf6 34. Rxd4 Rf5 35. Re1 Nd5 36. Nh4 Rg5 37. Nf3 Rgf5 38. Kg1 Nc3 39. Rc4 Nb5 40. a4 Nd6 41. Rxc7 R5f7 42. Rc6 Rd8 43. Ne5 Rf6 44. Rc7 Rdf8 45. Nd7 1-0